الدواثر السريانية في لبنان وسورية
محفوظ في:
المؤلف الرئيسي:
التنسيق: كتاب
اللغة: Undetermined
منشور في:
almashriq
1939
الوسوم: إضافة وسم
لا توجد وسوم, كن أول من يضع وسما على هذه التسجيلة!
رقم الطلب: P21 HABI
| LEADER | 00354nam a2200121Ia 4500 | ||
|---|---|---|---|
| 008 | 240404s9999||||xx |||||||||||||| ||und|| | ||
| 050 | 4 | |a P21 HABI | |
| 100 | 1 | |a حبيقة،يوسف. | |
| 245 | 1 | 0 | |a الدواثر السريانية في لبنان وسورية |c حبيقة،يوسف |
| 264 | 1 | |b almashriq |c 1939 | |
| 300 | |a 412 |c 24 | ||
| 942 | |2 lcc |c BK | ||
| 999 | |c 57953 |d 57953 | ||
